000 00884nam a22002297a 4500
999 _c1714
_d1714
003 AR-CdUCM
008 190227b ||||| |||| 00| 0 spa d
020 _a9972420418
040 _aMUNICIPALIDAD PROVINCIAL DEL CUSCO
_cBIBLIOTECA MUNICIPAL DEL CUSCO
082 _a348.81 / O73
_bO73
100 _aOrtiz Caballero, René
_96334
245 _aEl derecho en la sociedad postmoderna /
260 _aLima :
_b Pontificia Universidad Católica del Perú,
_c1996.
300 _a89 paginas ;
_c19 cm.
505 _aPresenta temas del derecho en la sociedad moderna -- La revolución científica y tecnológica -- Las relaciones virtuales en la sociedad postmoderna...
650 _aLeyes y legislaciones
_96335
650 _aDerecho penal y civil
_96336
650 _aEstado y Sociedad
_96337
650 _aEstado liberal
_96338
942 _2ddc
_cLIBROS
945 _awnts
_d2019-02-27